<The> New Technologies and the Fight Against Money Laundering and the Terrorism Financing

Vplyv nových produktov a technológií týkajúcich sa postupov bánk v boji proti praniu špinavých peňazí a financovania terorizmu. Analýza prípravy bankového sektoru na Slovensku na zvládnutie nových výziev. Hodnotenie pomocou primárnych a sekundárnych kvalitatívnych metód.

Guardado en:
Detalles Bibliográficos
Autor principal: Jančíková, Eva, 1960-
Otros Autores: Veselovská, Stanislava, 1957-
Formato: Capítulo de libro
Lenguaje:inglés
Materias:
Etiquetas: Agregar Etiqueta
Sin Etiquetas, Sea el primero en etiquetar este registro!

MARC

LEADER 00000nla a2200000 4500
001 0247749
005 20240502083701.2
041 0 |a eng 
044 |a SI 
245 1 0 |a <The> New Technologies and the Fight Against Money Laundering and the Terrorism Financing  |c Eva Jančíková, Stanislava Veselovská 
520 |a Vplyv nových produktov a technológií týkajúcich sa postupov bánk v boji proti praniu špinavých peňazí a financovania terorizmu. Analýza prípravy bankového sektoru na Slovensku na zvládnutie nových výziev. Hodnotenie pomocou primárnych a sekundárnych kvalitatívnych metód. 
610 2 0 |a banky 
610 2 0 |a technológie nové 
610 2 0 |a pranie špinavých peňazí 
610 2 0 |a terorizmus 
100 1 |a Jančíková, Eva, 1960- 
700 1 |a Veselovská, Stanislava, 1957-